000 01059nam a22001935i 4500
001 165869
003 ES-MaACL
005 20231221204702.0
008 050712s1855 sp |||| | spa d
245 0 0 _aSucinta relación de los viajes de estudio y de las comisiones expontánea [sic] y gratuitamente hechas y desempeñadas, y de las obras dadas a la luz por D. Ramón de la Sagra, después de su salida de La Habana en abril de 1835, durante la publicación de París de la Historia política y natural de la isla de Cuba.
260 _aMadrid :
_b[s.n.],
_c1855 (
_fImp. del Colegio de Sordo-Mudos)
300 _a8 p. ;
_c20 cm.
594 _aTítulo tomado de principio del texto, sin portada.
600 1 7 _aLa Sagra, Ramón de,
_d1798-1871.
_tHistoria física, política y natural de la isla de Cuba
_2
_9150373
740 0 2 _aHistoria física, política y natural de la isla de Cuba.
852 4 _aES-MaACL
_jT-7-F-12
_z- Enc. hol., falto de cub. original
_z- Enc. en un vol. facticio
852 4 _aES-MaACL
_jT-35-F-7
999 _c165869
_d165869